|
|
|
|
| LEADER |
00000nam0a2200000 4500 |
| 001 |
113550 |
| 005 |
20231031121843.0 |
| 010 |
|
|
|a 5778207166
|
| 035 |
|
|
|a (RuTPU)RU\TPU\book\122809
|
| 090 |
|
|
|a 113550
|
| 100 |
|
|
|a 20070412d2006 m y0rusy50 ca
|
| 101 |
0 |
|
|a rus
|
| 102 |
|
|
|a RU
|
| 105 |
|
|
|a a j 001zy
|
| 200 |
1 |
|
|a Авиационное гидравлическое оборудование
|e учебное пособие
|f А. С. Захаров, В. И. Сабельников
|
| 210 |
|
|
|a Новосибирск
|c Изд-во НГТУ
|d 2006
|
| 215 |
|
|
|a 391 с.
|c ил.
|
| 225 |
1 |
|
|a Учебники НГТУ
|
| 320 |
|
|
|a Библиогр.: с. 360-363.
|
| 330 |
|
|
|a В учебном пособии даны общие сведения об авиационном гидравлическом оборудовании с элементами его классификации. В каждом разделе приводятся теоретические основы, схемы и принципы работы отдельных конструкций, наиболее используемых в современных гидравлических системах (ГС), а также графики характеристик, полученные при испытаниях агрегатов. В пособии содержатся подробные сведения по рабочим жидкостям ГС и их свойствам, по контролю и испытаниям гидрооборудования, а также по надежности элементов гидросистем. Отдельно рассмотрены направления совершенствования гидроприводов и авиационного гидравлического оборудования. В приложениях приведены единицы физических величин и условные графические обозначения элементов ГС. В пособие включены авторские результаты, полученные при выполнении научно-исследовательских работ по заказам авиационных фирм. Материал книги является базовым для курсов «Гидромашины и гидроприводы», «Системы энергооборудования», «Проектирование систем энергооборудования», «Гидромеханические системы» для студентов по специальностям: 160202- «Системы жизнеобеспечения оборудования ЛА»; 160201 - «Самолёто-и вертолётостроение» и 160901 - «Техническая эксплуатация ЛА и двигателей».
|
| 610 |
1 |
|
|a летательные аппараты
|
| 610 |
1 |
|
|a гидравлическое оборудование
|
| 610 |
1 |
|
|a гидравлические двигатели
|
| 610 |
1 |
|
|a насосы
|
| 610 |
1 |
|
|a гидросистемы
|
| 610 |
1 |
|
|a системы управления
|
| 610 |
1 |
|
|a гидравлические приводы
|
| 610 |
1 |
|
|a рабочие жидкости
|
| 610 |
1 |
|
|a надежность
|
| 610 |
1 |
|
|a авиационное гидравлическое оборудование
|
| 610 |
1 |
|
|a совершенствование
|
| 610 |
1 |
|
|a самолеты
|
| 610 |
1 |
|
|a гидроприводы
|
| 610 |
1 |
|
|a учебные пособия
|
| 675 |
|
|
|a 629.73.064.3(075.8)
|v 3
|
| 700 |
|
1 |
|a Захаров
|b А. С.
|g Анатолий Сергеевич
|
| 701 |
|
1 |
|a Сабельников
|b В. И.
|g Виктор Иванович
|
| 801 |
|
1 |
|a RU
|b 63413507
|c 20070412
|g PSBO
|
| 801 |
|
2 |
|a RU
|b 63413507
|c 20150701
|g PSBO
|
| 900 |
|
|
|a Надежность систем управления
|
| 942 |
|
|
|c BK
|